Prime central London residential report 1999. (Record no. 99618)

MARC details
000 -LEADER
fixed length control field 00563cam a2200193 4500
001 - CONTROL NUMBER
control field J100333
008 - FIXED-LENGTH DATA ELEMENTS--GENERAL INFORMATION
fixed length control field 000000n1999 000 0 eng u
035 ## - SYSTEM CONTROL NUMBER
System control number (Sirsi) u100142
050 ## - LIBRARY OF CONGRESS CALL NUMBER
Classification number 333.3309421
110 ## - MAIN ENTRY--CORPORATE NAME
Corporate name or jurisdiction name as entry element DTZ Debenham Thorpe
9 (RLIN) 2895
245 ## - TITLE STATEMENT
Title Prime central London residential report 1999.
260 ## - PUBLICATION, DISTRIBUTION, ETC.
Place of publication, distribution, etc. London
Name of publisher, distributor, etc. DTZ Debenham Thorpe
Date of publication, distribution, etc. 1999
300 ## - PHYSICAL DESCRIPTION
Extent 8p. ; 30cm.
650 ## - SUBJECT ADDED ENTRY--TOPICAL TERM
Topical term or geographic name entry element LONDON
650 ## - SUBJECT ADDED ENTRY--TOPICAL TERM
Topical term or geographic name entry element RESIDENTIAL MARKET
650 ## - SUBJECT ADDED ENTRY--TOPICAL TERM
Topical term or geographic name entry element RESIDENTIAL PROPERTY
9 (RLIN) 6266
690 ## - LOCAL SUBJECT ADDED ENTRY--TOPICAL TERM (OCLC, RLIN)
Topical term or geographic name as entry element PROPERTY-RESIDENTIAL PROPERTY-RESIDENTIAL PROPERTY MARKET
942 ## - ADDED ENTRY ELEMENTS (KOHA)
Suppress in OPAC 0
Holdings
Withdrawn status Lost status Source of classification or shelving scheme Damaged status Not for loan Home library Current library Shelving location Date acquired Total Checkouts Full call number Barcode Date last seen Date last checked out Copy number Price effective from Koha item type
    Dewey Decimal Classification     London London Property market reports 30/09/1999 1 PROPERTY MARKET REPORTS 30059025 06/08/2019 10/06/2002 1 06/08/2019 Book